An elementary treatise on elliptic functions
Gespeichert in:
| 1. Verfasser: | |
|---|---|
| Format: | Buch |
| Sprache: | Englisch |
| Veröffentlicht: |
Nueva York
Dover
1961
|
| Schlagworte: | |
| Tags: |
Tag hinzufügen
Keine Tags, Fügen Sie den ersten Tag hinzu!
|
MARC
| LEADER | 00000nam a2200000 a 4500 | ||
|---|---|---|---|
| 001 | UCP3767 | ||
| 003 | CL-VaPUC | ||
| 008 | 990702e19610000US |||||||||||||||||eng|d | ||
| 082 | 0 | 4 | |a 515.983 |b CAY |2 21 |
| 100 | 0 | |a Cayley, Arthur |e author |9 431158 | |
| 245 | 1 | 3 | |a An elementary treatise on elliptic functions |
| 300 | |a 386 p | ||
| 942 | |c BK | ||
| 945 | |d 19990702 00:00:00 |a crobeson | ||
| 260 | |a Nueva York |b Dover |c 1961 | ||
| 650 | 7 | |a FUNCIONES ELIPTICAS |2 CL-VaPUC |9 271205 | |
| 650 | 7 | |a FUNCIONES DE JACOBI |2 CL-VaPUC |9 431159 | |
| 650 | 7 | |a INTEGRALES ELIPTICAS |2 CL-VaPUC |9 425383 | |
| 583 | |a last modification |c 19990702 00:00:00 |k Rodrigo Vera | ||
| 999 | |c 281962 |d 281960 | ||
| 952 | |0 0 |1 0 |4 0 |6 515_983000000000000_CAY_1961 |7 0 |8 A |9 323134 |a BIBMAT |b BIBMAT |d 2019-11-20 |i 1351958 |o 515.983 CAY 1961 |p 1351958 |r 2025-01-07 |w 2019-11-20 |y BK |k MAT | ||